00410nam a22001337a 4500003000900000005001700009007000300026008004100029040002500070100003300095245005900128260005400187300003500241DO-SdBNP20220317104354.0ta220317b2018 ac||| |||| 00| 0 spa d aDO-SdBNPbspacBNPHU1 aUceta, Yanky Antonio,d1965-1 aReseñas y vivencias guraberas /cYanky Antonio Uceta aSantiago, República Dominicana :bs.n. ;c2018. a353 p. :bil., retrs. ;c22 c.